000
00294nam a2200109Ia 4500
008
230907s9999||||xx |||||||||||||| ||und||
082
_a
697.93,ADV
245
0
_a
Advances in passive cooling /
260
_a
Earthscan,
_b
London ; | Sterling, VA :
_c
2007
300
_a
xxxvi, 303 p. :
942
_c
BK
999
_c
597449
_d
597449